[Event "DM 2023 G7 Grp 1"]
[Site "Svendborg"]
[Date "2023.04.06"]
[Round "3"]
[White "Christensen, Jacob Foged"]
[Black "Marthedal, Anton Mehmet Yildiz"]
[Result "1-0"]
[WhiteElo "1832"]
[BlackElo "2072"]
[PlyCount "85"]
[EventDate "2023.04.04"]
[EventType "swiss"]
[EventRounds "7"]
[EventCountry "DEN"]
[SourceTitle "Live v. Kasper Jerwiarz"]

1. d4 d5 2. c4 c6 3. Nc3 e5 4. e3 e4 5. Qb3 Nf6 6. h3 a6 7. a4 Be7 8. Bd2 O-O
9. a5 Ra7 10. c5 Ne8 11. Nge2 Nc7 12. Na4 Ne6 13. Nb6 Nd7 14. Qc2 f5 15. g3 Nf6
16. h4 Ne8 17. b4 N8c7 18. Nf4 Bd7 19. O-O-O Be8 20. Be2 Nxf4 21. exf4 Bf7 22.
Rdg1 Qe8 23. Qd1 Ne6 24. Be3 Nc7 25. g4 fxg4 26. Bxg4 Be6 27. Bxe6+ Nxe6 28.
Qg4 Bf6 29. Rd1 Nc7 30. Rhg1 h5 31. Qg3 Qe6 32. Qg6 Qf7 33. Qg3 Nb5 34. Kb2 Kh7
35. Qh3 Re8 36. Rg2 Bd8 37. Rdg1 Rg8 38. Rg6 Bxb6 39. axb6 Raa8 40. f5 Rh8 41.
R1g5 Rad8 42. Qg3 Rd7 43. f6 1-0

[Event "DM 2023 G7 Grp 1"]
[Site "Svendborg"]
[Date "2023.04.06"]
[Round "3"]
[White "Saravana, Vedant Kumar"]
[Black "Poulsen, Peter Risgaard"]
[Result "1/2-1/2"]
[WhiteElo "1947"]
[BlackElo "1880"]
[PlyCount "98"]
[EventDate "2023.04.04"]
[EventType "swiss"]
[EventRounds "7"]
[EventCountry "DEN"]
[SourceTitle "Live v. Kasper Jerwiarz"]

1. e4 d6 2. d4 Nf6 3. Nc3 Nbd7 4. Nf3 e5 5. Bc4 Be7 6. O-O h6 7. h3 c6 8. Bb3
Qc7 9. a4 a5 10. Re1 Nf8 11. Be3 g5 12. dxe5 dxe5 13. Nxe5 Qxe5 14. Bd4 Qc7 15.
e5 Be6 16. exf6 Bd6 17. Qf3 O-O-O 18. Rad1 Bxb3 19. cxb3 Ne6 20. Qf5 Kb8 21.
Be3 b6 22. Rc1 Qb7 23. Ne4 Bf4 24. Bxf4+ Nxf4 25. Rcd1 Qc7 26. Nc3 Ne6 27.
Rxd8+ Qxd8 28. Rd1 Qc7 29. Rc1 Qf4 30. Qxf4+ Nxf4 31. Rd1 Kc7 32. g3 Nh5 33.
Re1 Nxf6 34. Re7+ Kd6 35. Rxf7 Nd5 36. Kf1 Nb4 37. Ke2 Re8+ 38. Kd2 Re6 39. f4
gxf4 40. gxf4 Rg6 41. Ne4+ Ke6 42. Rf8 Rg2+ 43. Ke3 Rxb2 44. Nd2 Rc2 45. Ne4
Nd5+ 46. Kd4 c5+ 47. Kd3 Nb4+ 48. Ke3 Nd5+ 49. Kd3 Nb4+ 1/2-1/2

[Event "DM 2023 G7 Grp 1"]
[Site "Svendborg"]
[Date "2023.04.06"]
[Round "3"]
[White "Nielsen, Aage Sondergaard"]
[Black "Skaelbaek, Noah"]
[Result "0-1"]
[WhiteElo "1835"]
[BlackElo "1879"]
[PlyCount "78"]
[EventDate "2023.04.04"]
[EventType "swiss"]
[EventRounds "7"]
[EventCountry "DEN"]
[SourceTitle "Live v. Kasper Jerwiarz"]

1. e4 c5 2. Nc3 a6 3. f4 b5 4. d3 Bb7 5. Nf3 Nc6 6. Be3 e6 7. Qe2 Nf6 8. e5 Nd5
9. Bd2 Ncb4 10. Rc1 Nxc3 11. bxc3 Nd5 12. c4 bxc4 13. dxc4 Nb4 14. a3 Nc6 15.
Bc3 Be7 16. Qf2 O-O 17. Bd3 d6 18. Rd1 Qc7 19. Qg3 dxe5 20. fxe5 Rad8 21. O-O
Nd4 22. Qh3 g6 23. Rde1 Rd7 24. Nxd4 cxd4 25. Bb2 Bg5 26. Qg3 Be3+ 27. Rxe3
dxe3 28. Qxe3 Bc6 29. Bc3 Qa7 30. c5 Rd5 31. Bd4 Rfd8 32. c3 Bb5 33. Rd1 Bxd3
34. Rxd3 Qb7 35. Kf2 Qb2+ 36. Kf3 Qxa3 37. c4 Qxd3 38. cxd5 Qd1+ 39. Kg3 Rxd5
0-1

[Event "DM 2023 G7 Grp 1"]
[Site "Svendborg"]
[Date "2023.04.07"]
[Round "4"]
[White "Jalving, August"]
[Black "Rossen, Claus"]
[Result "0-1"]
[WhiteElo "1962"]
[BlackElo "2097"]
[PlyCount "98"]
[EventDate "2023.04.04"]
[EventType "swiss"]
[EventRounds "7"]
[EventCountry "DEN"]
[SourceTitle "Live v. Kasper Jerwiarz"]

1. e4 c5 2. Nf3 d6 3. d4 cxd4 4. Nxd4 Nf6 5. Nc3 g6 6. Be3 Bg7 7. f3 O-O 8. Qd2
Nc6 9. O-O-O d5 10. exd5 Nxd5 11. Nxc6 bxc6 12. Bd4 e5 13. Bc5 Re8 14. Ne4 Be6
15. h4 Nb6 16. Qf2 Bh6+ 17. Be3 Bxe3+ 18. Qxe3 Nd5 19. Qh6 Qe7 20. h5 Bf5 21.
hxg6 Bxg6 22. Bc4 Red8 23. g4 Qf8 24. Qh4 Ne3 25. Rxd8 Qxd8 26. Nf6+ Kg7 27. g5
Nf5 28. Qxh7+ Bxh7 29. Rxh7+ Kg6 30. Bxf7+ Kxg5 31. Ne4+ Kf4 32. Be6 Nd4 33.
Bc4 Nxf3 34. Bd3 Qg8 35. Rh1 Qxa2 36. c3 Rg8 37. Bb1 Qd5 38. Rd1 Qxd1+ 39. Kxd1
Rg1+ 40. Kc2 Kxe4 41. b4 Rxb1 42. Kxb1 Kd3 43. Kc1 e4 44. c4 e3 45. b5 e2 46.
bxc6 Kc3 47. Kb1 e1=Q+ 48. Ka2 Kc2 49. Ka3 Qa5# 0-1

[Event "DM 2023 G7 Grp 1"]
[Site "Svendborg"]
[Date "2023.04.07"]
[Round "4"]
[White "Ostergreen Johansen, Benjamin"]
[Black "Jensen, Thore Nyboe"]
[Result "1/2-1/2"]
[WhiteElo "1962"]
[BlackElo "2018"]
[PlyCount "37"]
[EventDate "2023.04.04"]
[EventType "swiss"]
[EventRounds "7"]
[EventCountry "DEN"]
[SourceTitle "Live v. Kasper Jerwiarz"]

1. e4 c6 2. d4 d5 3. Nc3 dxe4 4. Nxe4 Nf6 5. Nxf6+ exf6 6. Be3 Be6 7. Bd3 Bd6
8. Ne2 Qc7 9. Ng3 Nd7 10. O-O Nb6 11. b3 Nd5 12. Bd2 Nf4 13. Be4 O-O 14. c4
Rfe8 15. Qf3 Ng6 16. Rac1 Rad8 17. d5 Bc8 18. Rfd1 c5 19. Re1 1/2-1/2

[Event "DM 2023 G7 Grp 1"]
[Site "Svendborg"]
[Date "2023.04.07"]
[Round "4"]
[White "Jensen, Morten Frank"]
[Black "Loveid, Erik"]
[Result "1/2-1/2"]
[WhiteElo "2048"]
[BlackElo "2023"]
[PlyCount "44"]
[EventDate "2023.04.04"]
[EventType "swiss"]
[EventRounds "7"]
[EventCountry "DEN"]
[SourceTitle "Live v. Kasper Jerwiarz"]

1. d4 Nf6 2. Nf3 e6 3. g3 b5 4. Bg2 Bb7 5. O-O c5 6. a4 b4 7. c4 a5 8. Bg5 h6
9. Bf4 Na6 10. b3 Be7 11. Nbd2 O-O 12. Qc2 d5 13. Rad1 Qb6 14. cxd5 exd5 15.
Be5 Ng4 16. e4 Rfd8 17. exd5 Bxd5 18. Nc4 Qa7 19. Ne3 Nxe3 20. fxe3 f6 21. Bf4
Bf8 22. g4 Qf7 1/2-1/2

[Event "DM 2023 G7 Grp 1"]
[Site "Svendborg"]
[Date "2023.04.07"]
[Round "4"]
[White "Gregor, Bjarke"]
[Black "Haarh, Simon Bjork"]
[Result "1-0"]
[WhiteElo "2095"]
[BlackElo "1945"]
[PlyCount "83"]
[EventDate "2023.04.04"]
[EventType "swiss"]
[EventRounds "7"]
[EventCountry "DEN"]
[SourceTitle "Live v. Kasper Jerwiarz"]

1. e4 c5 2. Nf3 d6 3. d4 cxd4 4. Nxd4 Nf6 5. Nc3 a6 6. Bg5 e6 7. f4 h6 8. Bh4
Qb6 9. a3 Be7 10. Bf2 Qc7 11. Qf3 Nc6 12. O-O-O Bd7 13. g4 g5 14. Nxc6 Bxc6 15.
Bg3 b5 16. f5 e5 17. h4 O-O-O 18. hxg5 hxg5 19. Rxh8 Rxh8 20. a4 Qb7 21. axb5
axb5 22. Nd5 Bxd5 23. exd5 Kd7 24. Qe2 Rb8 25. Bg2 Qa7 26. Kb1 Qa4 27. Bxe5
dxe5 28. d6 Bxd6 29. Qxe5 Ne8 30. f6 Kc7 31. Rxd6 Nxd6 32. Qc5+ Kd7 33. Bc6+
Ke6 34. Qd5+ Kxf6 35. Qxd6+ Kg7 36. Qxb8 Qxg4 37. Qe5+ Kf8 38. Qd6+ Kg7 39.
Qe5+ Kf8 40. Qc5+ Kg7 41. Bxb5 f5 42. Bd3 1-0

[Event "DM 2023 G7 Grp 1"]
[Site "Svendborg"]
[Date "2023.04.07"]
[Round "4"]
[White "Larsen, Ulrik"]
[Black "Perets, Dmitry"]
[Result "0-1"]
[WhiteElo "2028"]
[BlackElo "1968"]
[PlyCount "64"]
[EventDate "2023.04.04"]
[EventType "swiss"]
[EventRounds "7"]
[EventCountry "DEN"]
[SourceTitle "Live v. Kasper Jerwiarz"]

1. e4 c5 2. d4 cxd4 3. c3 Nf6 4. e5 Nd5 5. Nf3 Nc6 6. cxd4 d6 7. exd6 Qxd6 8.
Nc3 e6 9. Bc4 Nb6 10. Bb3 Be7 11. O-O O-O 12. a3 Na5 13. Bc2 f5 14. Qe2 Bf6 15.
Nb5 Qc6 16. Ne5 Bxe5 17. dxe5 Nac4 18. Nd4 Qc5 19. Nf3 Nd5 20. Bb3 b5 21. Rd1
Bd7 22. Rd4 Rac8 23. Bg5 h6 24. Bd2 Be8 25. Rc1 Bh5 26. Rd3 Bxf3 27. Rxf3 Qd4
28. Bxc4 Rxc4 29. Rg3 f4 30. Rb3 Rxc1+ 31. Bxc1 Rc8 32. Bd2 Rc2 0-1

[Event "DM 2023 G7 Grp 1"]
[Site "Svendborg"]
[Date "2023.04.07"]
[Round "4"]
[White "Ringsmose, Christian"]
[Black "Husted, Peter"]
[Result "1/2-1/2"]
[WhiteElo "1778"]
[BlackElo "2086"]
[PlyCount "21"]
[EventDate "2023.04.04"]
[EventType "swiss"]
[EventRounds "7"]
[EventCountry "DEN"]
[SourceTitle "Live v. Kasper Jerwiarz"]

1. e4 Nf6 2. e5 Nd5 3. d4 d6 4. exd6 cxd6 5. c4 Nf6 6. Nf3 g6 7. h3 Bg7 8. Nc3
O-O 9. Be3 d5 10. c5 Nc6 11. Bd3 1/2-1/2

[Event "DM 2023 G7 Grp 1"]
[Site "Svendborg"]
[Date "2023.04.07"]
[Round "4"]
[White "Christensen, Jacob Foged"]
[Black "Madsen, Michael Baehring"]
[Result "1/2-1/2"]
[WhiteElo "1832"]
[BlackElo "2045"]
[PlyCount "60"]
[EventDate "2023.04.04"]
[EventType "swiss"]
[EventRounds "7"]
[EventCountry "DEN"]
[SourceTitle "Live v. Kasper Jerwiarz"]

1. d4 Nf6 2. c4 a6 3. Nc3 c5 4. d5 b5 5. cxb5 axb5 6. Nxb5 e6 7. dxe6 Qa5+ 8.
Nc3 fxe6 9. Bd2 Qb6 10. e4 Bb7 11. e5 Ne4 12. f3 Nxd2 13. Qxd2 Nc6 14. Rd1 Rd8
15. Qe3 Be7 16. Nge2 O-O 17. h4 Nd4 18. Nxd4 cxd4 19. Qxd4 Bc5 20. Qd2 Be3 21.
Qc2 Rf5 22. Bd3 Rxe5 23. Bxh7+ Kh8 24. Kf1 d5 25. Bd3 Rc8 26. Qb3 Qc6 27. Qb5
Qxb5 28. Nxb5 Ba6 29. a4 d4 30. h5 Rc1 1/2-1/2

[Event "DM 2023 G7 Grp 1"]
[Site "Svendborg"]
[Date "2023.04.07"]
[Round "4"]
[White "Hollesen, Kurt"]
[Black "Leonhardsen, Vebjorn Maanum"]
[Result "1/2-1/2"]
[WhiteElo "1968"]
[BlackElo "1885"]
[PlyCount "111"]
[EventDate "2023.04.04"]
[EventType "swiss"]
[EventRounds "7"]
[EventCountry "DEN"]
[SourceTitle "Live v. Kasper Jerwiarz"]

1. c4 c6 2. e4 d5 3. exd5 cxd5 4. d4 Nf6 5. Nc3 Nc6 6. Nf3 Bg4 7. Be3 e6 8. c5
Be7 9. b4 e5 10. Be2 exd4 11. Nxd4 Bxe2 12. Qxe2 Nxd4 13. Bxd4 O-O 14. O-O b6
15. Rfe1 Re8 16. Qf3 Rc8 17. Rad1 bxc5 18. bxc5 Bxc5 19. Bxf6 Qxf6 20. Qxf6
gxf6 21. Nxd5 Rxe1+ 22. Rxe1 Kg7 23. g3 Rd8 24. Rd1 Bb6 25. Kg2 Rc8 26. Rd2 Rc4
27. f4 Ra4 28. Kf3 f5 29. Nxb6 axb6 30. Rb2 Ra3+ 31. Kg2 f6 32. Kh3 Kg6 33. Kh4
Ra4 34. h3 Ra6 35. Rd2 Ra4 36. Rb2 Ra6 37. a4 Rxa4 38. Rxb6 Rc4 39. Rb8 Rd4 40.
Rg8+ Kf7 41. Ra8 Kg6 42. Ra3 Rb4 43. Rf3 h6 44. g4 Ra4 45. Kg3 Rb4 46. Rc3 Rb6
47. Rc5 fxg4 48. hxg4 Rb7 49. Kh4 Ra7 50. f5+ Kg7 51. Rc4 Rb7 52. Kg3 Re7 53.
Kf4 Rd7 54. Ke4 Re7+ 55. Kd5 h5 56. Kd6 1/2-1/2

[Event "DM 2023 G7 Grp 1"]
[Site "Svendborg"]
[Date "2023.04.07"]
[Round "4"]
[White "Steenstrup, Svend"]
[Black "Rasmussen, Johnny Koust"]
[Result "1-0"]
[WhiteElo "1943"]
[BlackElo "1824"]
[PlyCount "95"]
[EventDate "2023.04.04"]
[EventType "swiss"]
[EventRounds "7"]
[EventCountry "DEN"]
[SourceTitle "Live v. Kasper Jerwiarz"]

1. d4 Nf6 2. c4 e6 3. g3 Bb4+ 4. Nd2 O-O 5. Bg2 d5 6. Ngf3 c6 7. O-O Nbd7 8. e4
dxe4 9. Ng5 e5 10. Ndxe4 Nxe4 11. Bxe4 Nf6 12. dxe5 Nxe4 13. Nxe4 Bh3 14. Bg5
Qc7 15. Qh5 Qxe5 16. Qxh3 Qxe4 17. a3 Ba5 18. Rac1 Bd8 19. Rfe1 Qd4 20. Be3
Qxb2 21. Rb1 Qxa3 22. Qf5 Qa5 23. Qd7 Bf6 24. Qxb7 c5 25. Red1 Rfd8 26. Rd5
Rxd5 27. Qxa8+ Rd8 28. Rb8 Rxb8 29. Qxb8+ Qd8 30. Qxa7 Bd4 31. Bxd4 cxd4 32.
Kf1 Kf8 33. Ke2 d3+ 34. Kd2 Ke8 35. Qe3+ Kf8 36. Qc5+ Ke8 37. Qb5+ Kf8 38. c5
Qg5+ 39. f4 Qd5 40. Qxd3 Qa2+ 41. Kc3 Qa3+ 42. Kd4 Qb2+ 43. Kd5 Qa2+ 44. Kd6
Qa8 45. Qb5 Qc8 46. Qc6 Qe6+ 47. Kc7 Qe7+ 48. Kc8 1-0

[Event "DM 2023 G7 Grp 1"]
[Site "Svendborg"]
[Date "2023.04.07"]
[Round "4"]
[White "Skaelbaek, Noah"]
[Black "Christensen, John Christopher H"]
[Result "1/2-1/2"]
[WhiteElo "1879"]
[BlackElo "1924"]
[PlyCount "57"]
[EventDate "2023.04.04"]
[EventType "swiss"]
[EventRounds "7"]
[EventCountry "DEN"]
[SourceTitle "Live v. Kasper Jerwiarz"]

1. e4 c5 2. c3 g6 3. d4 cxd4 4. cxd4 d5 5. exd5 Nf6 6. Nf3 Nxd5 7. Bc4 Nb6 8.
Bb3 Bg7 9. Nc3 O-O 10. O-O Bg4 11. h3 Bxf3 12. Qxf3 Nc6 13. Ne2 Qd7 14. Be3 e6
15. Rfd1 Rfd8 16. Bg5 Ne7 17. Bf6 Rac8 18. Ng3 Bxf6 19. Qxf6 Nbd5 20. Qf3 Kg7
21. Ne4 b6 22. Ng5 Nf6 23. Ne4 Ned5 24. Nxf6 Nxf6 25. Rac1 Rc7 26. Qg3 Rdc8 27.
Rxc7 Qxc7 28. Qe3 a5 29. d5 1/2-1/2

[Event "DM 2023 G7 Grp 1"]
[Site "Svendborg"]
[Date "2023.04.07"]
[Round "4"]
[White "Saravana, Vedant Kumar"]
[Black "Christensen, Adam Stanczyk"]
[Result "1-0"]
[WhiteElo "1947"]
[BlackElo "1882"]
[PlyCount "47"]
[EventDate "2023.04.04"]
[EventType "swiss"]
[EventRounds "7"]
[EventCountry "DEN"]
[SourceTitle "Live v. Kasper Jerwiarz"]

1. e4 e6 2. d4 d5 3. e5 c5 4. c3 Nc6 5. Nf3 Qb6 6. Be2 Nh6 7. Bxh6 Qxb2 8. Nbd2
gxh6 9. O-O cxd4 10. cxd4 Nxd4 11. Qa4+ Nc6 12. Bb5 Bd7 13. Nb3 Qa3 14. Qf4 Qb4
15. Nbd4 Nxd4 16. Bxd7+ Kxd7 17. Nxd4 Ke8 18. Qf6 Rg8 19. Nxe6 Be7 20. Nc7+ Kd7
21. Qxf7 Raf8 22. Qxd5+ Kc8 23. Rab1 Rd8 24. Qe6+ 1-0

[Event "DM 2023 G7 Grp 1"]
[Site "Svendborg"]
[Date "2023.04.07"]
[Round "4"]
[White "Marthedal, Anton Mehmet Yildiz"]
[Black "Nielsen, Thomas (1975)"]
[Result "0-1"]
[WhiteElo "2072"]
[BlackElo "1973"]
[PlyCount "79"]
[EventDate "2023.04.04"]
[EventType "swiss"]
[EventRounds "7"]
[EventCountry "DEN"]
[SourceTitle "Live v. Kasper Jerwiarz"]

1. e4 c6 2. d4 d5 3. e5 c5 4. Nf3 Bg4 5. Be2 e6 6. O-O Bxf3 7. Bxf3 cxd4 8.
Qxd4 Nc6 9. Qe3 Nge7 10. c4 d4 11. Qb3 Qb6 12. Rd1 Nxe5 13. Bxb7 Rb8 14. Qxb6
axb6 15. Ba6 N5c6 16. Bb5 e5 17. f4 f6 18. Nd2 Kf7 19. Ne4 h6 20. fxe5 fxe5 21.
b3 Ke6 22. a4 Na7 23. Re1 Nf5 24. Nf2 Bb4 25. Bf4 Bxe1 26. Rxe1 Ne3 27. Bxe3
dxe3 28. Rxe3 Nxb5 29. axb5 Rhe8 30. Nd3 Kd6 31. Nb4 Ra8 32. Rd3+ Ke6 33. h4
Ra1+ 34. Kh2 e4 35. Re3 Ke5 36. Kg3 Rd1 37. Kg4 Rd2 38. Nc6+ Kd6 39. g3 Rd3 40.
Kf4 0-1

[Event "DM 2023 G7 Grp 1"]
[Site "Svendborg"]
[Date "2023.04.07"]
[Round "4"]
[White "Poulsen, Peter Risgaard"]
[Black "Nielsen, Aage Sondergaard"]
[Result "1-0"]
[WhiteElo "1880"]
[BlackElo "1835"]
[PlyCount "49"]
[EventDate "2023.04.04"]
[EventType "swiss"]
[EventRounds "7"]
[EventCountry "DEN"]
[SourceTitle "Live v. Kasper Jerwiarz"]

1. d4 f5 2. e4 fxe4 3. Nc3 Nf6 4. Bg5 c6 5. f3 Qa5 6. Bxf6 exf6 7. fxe4 Bb4 8.
Qf3 O-O 9. Bc4+ Kh8 10. Nge2 b5 11. Bb3 Bb7 12. Nf4 Bxc3+ 13. bxc3 g6 14. O-O
Qc7 15. Qg3 Na6 16. Nxg6+ hxg6 17. Qxg6 d5 18. Rf3 Qg7 19. Rh3+ Kg8 20. Qh5 Nc7
21. Rg3 Qxg3 22. hxg3 Kg7 23. Qg4+ Kh8 24. Kf2 Rf7 25. Rh1+ 1-0

[Event "DM 2023 G7 Grp 1"]
[Site "Svendborg"]
[Date "2023.04.08"]
[Round "5"]
[White "Rossen, Claus"]
[Black "Gregor, Bjarke"]
[Result "0-1"]
[WhiteElo "2097"]
[BlackElo "2095"]
[PlyCount "156"]
[EventDate "2023.04.04"]
[EventType "swiss"]
[EventRounds "7"]
[EventCountry "DEN"]
[SourceTitle "Live v. Kasper Jerwiarz"]

1. d4 Nf6 2. c4 e6 3. Nc3 Bb4 4. Qc2 O-O 5. a3 Bxc3+ 6. Qxc3 b6 7. Bg5 Bb7 8.
Nf3 d6 9. Nd2 Nbd7 10. f3 h6 11. Bh4 Re8 12. e3 e5 13. d5 Rc8 14. b4 Nxd5 15.
Bxd8 Nxc3 16. Bh4 d5 17. cxd5 Nxd5 18. Kf2 N5f6 19. Bb5 g5 20. Bg3 Re7 21. Rhd1
Nf8 22. Rac1 Ng6 23. Bc6 Bxc6 24. Rxc6 Kg7 25. Nc4 Ne8 26. a4 f5 27. Ke2 e4 28.
fxe4 f4 29. Be1 fxe3 30. Kxe3 Nf6 31. Nd6 Ng4+ 32. Ke2 Rf8 33. Nc4 Nf4+ 34. Kd2
Rxe4 35. Rxc7+ Kg6 36. Rc6+ Kh5 37. Kc3 Nxg2 38. Bg3 Rf3+ 39. Rd3 Rf1 40. Kb2
N2e3 41. Nd2 Rd1 42. Nxe4 Rxd3 43. h3 Rd4 44. Nd6 Rd2+ 45. Kb3 Nf6 46. Be5 Rd3+
47. Kb2 Ned5 48. Bxf6 Nxb4 49. Rc3 Rxd6 50. Be7 Nd3+ 51. Kc2 Ne1+ 52. Kb1 Rd7
53. Bf8 Rf7 54. Bd6 Nf3 55. Bb8 Nd4 56. Rc4 Nb3 57. Kc2 Nc5 58. a5 Kg6 59. axb6
axb6 60. Rb4 Rf6 61. Ba7 Nd7 62. Rd4 Rc6+ 63. Kd1 Ne5 64. Ke2 Kf5 65. Rd8 Ke4
66. Re8 b5 67. Bb8 Rc5 68. Re6 h5 69. Rh6 h4 70. Re6 Kf5 71. Re8 Rd5 72. Rf8+
Ke4 73. Rg8 Nc4 74. Re8+ Kd4 75. Kf3 Kc3 76. Ba7 b4 77. Kg4 b3 78. Rb8 b2 0-1

[Event "DM 2023 G7 Grp 1"]
[Site "Svendborg"]
[Date "2023.04.08"]
[Round "5"]
[White "Jensen, Thore Nyboe"]
[Black "Perets, Dmitry"]
[Result "0-1"]
[WhiteElo "2018"]
[BlackElo "1968"]
[PlyCount "128"]
[EventDate "2023.04.04"]
[EventType "swiss"]
[EventRounds "7"]
[EventCountry "DEN"]
[SourceTitle "Live v. Kasper Jerwiarz"]

1. e4 c5 2. Nf3 Nc6 3. Bb5 g6 4. O-O Bg7 5. Re1 Nf6 6. c3 O-O 7. d4 cxd4 8.
cxd4 d5 9. e5 Ne4 10. Nc3 Nxc3 11. bxc3 Qa5 12. a4 Bg4 13. Bxc6 Qxc3 14. Ba3
Qxc6 15. Bxe7 Rfe8 16. Rc1 Qa6 17. Bd6 Bd7 18. Rc7 Bxa4 19. Qd2 Rac8 20. Rec1
Bc6 21. Rxc8 Rxc8 22. Qf4 Bd7 23. h4 Rxc1+ 24. Qxc1 Qc6 25. Qa3 a6 26. Qa5 Bf8
27. Bxf8 Kxf8 28. h5 Kg7 29. Qd8 Qc1+ 30. Kh2 Qf4+ 31. Kg1 Qc1+ 32. Kh2 Qf4+
33. Kg1 Be6 34. hxg6 hxg6 35. Qe7 Qc1+ 36. Kh2 Qf4+ 37. Kg1 Qc1+ 38. Kh2 Qf4+
39. Kg1 b5 40. Qb7 Qc1+ 41. Kh2 Qf4+ 42. Kg1 Qc1+ 43. Kh2 Qc8 44. Qa7 b4 45.
Ng5 b3 46. Nxe6+ Qxe6 47. Qb7 Qg4 48. Qxb3 Qxd4 49. Qg3 a5 50. f4 Qd1 51. Qc3
d4 52. Qxa5 Qc1 53. Kg3 Qe3+ 54. Kg4 Qe2+ 55. Kg3 Qe3+ 56. Kg4 Qe2+ 57. Kg3 d3
58. Qd8 Qe1+ 59. Kh3 Qe3+ 60. g3 Qe2 61. Qf6+ Kg8 62. Qd8+ Kh7 63. Qe7 Qf1+ 64.
Kh2 Qe2+ 0-1

[Event "DM 2023 G7 Grp 1"]
[Site "Svendborg"]
[Date "2023.04.08"]
[Round "5"]
[White "Loveid, Erik"]
[Black "Ostergreen Johansen, Benjamin"]
[Result "1/2-1/2"]
[WhiteElo "2023"]
[BlackElo "1962"]
[PlyCount "48"]
[EventDate "2023.04.04"]
[EventType "swiss"]
[EventRounds "7"]
[EventCountry "DEN"]
[SourceTitle "Live v. Kasper Jerwiarz"]

1. Nf3 d5 2. d4 e6 3. c4 Nf6 4. Nc3 c5 5. cxd5 exd5 6. Bg5 Be6 7. e3 c4 8. Be2
Bb4 9. Qa4+ Nc6 10. Ne5 Qa5 11. Qxa5 Bxa5 12. Bxf6 gxf6 13. Nf3 b5 14. O-O Bxc3
15. bxc3 a5 16. a3 Ke7 17. Nd2 b4 18. axb4 axb4 19. cxb4 c3 20. b5 Nb4 21. Nb3
Bf5 22. b6 Kd6 23. b7 Rxa1 24. Rxa1 Kc7 1/2-1/2

[Event "DM 2023 G7 Grp 1"]
[Site "Svendborg"]
[Date "2023.04.08"]
[Round "5"]
[White "Husted, Peter"]
[Black "Jensen, Morten Frank"]
[Result "1/2-1/2"]
[WhiteElo "2086"]
[BlackElo "2048"]
[PlyCount "34"]
[EventDate "2023.04.04"]
[EventType "swiss"]
[EventRounds "7"]
[EventCountry "DEN"]
[SourceTitle "Live v. Kasper Jerwiarz"]

1. d4 d5 2. Bf4 Nf6 3. e3 e6 4. Nd2 Bd6 5. Bg3 O-O 6. Bd3 c5 7. c3 Qc7 8. Ngf3
Nbd7 9. O-O e5 10. dxe5 Nxe5 11. Nxe5 Bxe5 12. Bxe5 Qxe5 13. Nf3 Qe7 14. Qc2 h6
15. Rfe1 Be6 16. c4 dxc4 17. Bxc4 b6 1/2-1/2

[Event "DM 2023 G7 Grp 1"]
[Site "Svendborg"]
[Date "2023.04.08"]
[Round "5"]
[White "Madsen, Michael Baehring"]
[Black "Jalving, August"]
[Result "1/2-1/2"]
[WhiteElo "2045"]
[BlackElo "1962"]
[PlyCount "42"]
[EventDate "2023.04.04"]
[EventType "swiss"]
[EventRounds "7"]
[EventCountry "DEN"]
[SourceTitle "Live v. Kasper Jerwiarz"]

1. d4 Nf6 2. c4 e6 3. g3 d5 4. Nf3 dxc4 5. Bg2 c5 6. O-O Nc6 7. dxc5 Qxd1 8.
Rxd1 Bxc5 9. Nbd2 c3 10. bxc3 O-O 11. Nb3 Be7 12. Nfd4 Bd7 13. Nxc6 Bxc6 14.
Bxc6 bxc6 15. Na5 Rac8 16. Bd2 Ne4 17. Be1 Bf6 18. Rac1 Bg5 19. e3 Rfd8 20.
Rxd8+ Bxd8 21. c4 Bb6 1/2-1/2

[Event "DM 2023 G7 Grp 1"]
[Site "Svendborg"]
[Date "2023.04.08"]
[Round "5"]
[White "Leonhardsen, Vebjorn Maanum"]
[Black "Steenstrup, Svend"]
[Result "1-0"]
[WhiteElo "1885"]
[BlackElo "1943"]
[PlyCount "83"]
[EventDate "2023.04.04"]
[EventType "swiss"]
[EventRounds "7"]
[EventCountry "DEN"]
[SourceTitle "Live v. Kasper Jerwiarz"]

1. c4 e5 2. Nc3 Bb4 3. Nd5 Be7 4. Nf3 d6 5. e3 Nf6 6. Nxe7 Qxe7 7. d4 Bg4 8.
Be2 e4 9. Nd2 h5 10. b3 Nc6 11. a3 d5 12. Bb2 O-O-O 13. h3 Bxe2 14. Qxe2 Ne8
15. O-O-O f5 16. g3 g5 17. Rhe1 Nf6 18. Kb1 Qe6 19. Ka2 h4 20. Rh1 hxg3 21.
fxg3 f4 22. gxf4 gxf4 23. exf4 Rh4 24. cxd5 Rxd5 25. Qe3 Rdh5 26. d5 Rxd5 27.
Bxf6 Qxf6 28. Nxe4 Qd8 29. Rxd5 Qxd5 30. Rh2 Nd4 31. Rd2 c5 32. Nxc5 Qxc5 33.
Rxd4 Qf8 34. Qe6+ Kb8 35. Qe5+ Ka8 36. Qc7 Rh8 37. Rd7 Qb8 38. f5 a6 39. f6
Qxc7 40. Rxc7 Ka7 41. f7 Kb6 42. Re7 1-0

[Event "DM 2023 G7 Grp 1"]
[Site "Svendborg"]
[Date "2023.04.08"]
[Round "5"]
[White "Haarh, Simon Bjork"]
[Black "Ringsmose, Christian"]
[Result "1-0"]
[WhiteElo "1945"]
[BlackElo "1778"]
[PlyCount "99"]
[EventDate "2023.04.04"]
[EventType "swiss"]
[EventRounds "7"]
[EventCountry "DEN"]
[SourceTitle "Live v. Kasper Jerwiarz"]

1. e4 e5 2. Nf3 Nc6 3. Bb5 a6 4. Ba4 Nf6 5. O-O Be7 6. Re1 b5 7. Bb3 O-O 8. h3
Bb7 9. c3 d5 10. exd5 Nxd5 11. d3 Kh8 12. Nbd2 Nf4 13. d4 Nd3 14. Rf1 Nxc1 15.
Rxc1 exd4 16. Nxd4 g6 17. Nxc6 Bxc6 18. Nf3 Bf6 19. Qxd8 Raxd8 20. Rcd1 Kg7 21.
Rfe1 Bb7 22. Kf1 c5 23. Rxd8 Rxd8 24. Rd1 Rxd1+ 25. Bxd1 a5 26. a4 b4 27. cxb4
axb4 28. b3 Bc3 29. Ng1 Kf6 30. Bc2 Ba6+ 31. Ne2 Ke5 32. f4+ Kd5 33. Kf2 Bd4+
34. Kf3 c4 35. g4 Bb6 36. Nc1 cxb3 37. Bxb3+ Bc4 38. Bc2 Kd4 39. Ne2+ Bxe2+ 40.
Kxe2 Kc3 41. Kd1 Be3 42. f5 g5 43. f6 h6 44. a5 b3 45. Bf5 Kb2 46. a6 Ka1 47.
Ke2 Bc5 48. Kd3 b2 49. Kc4 Ba7 50. Kd5 1-0

[Event "DM 2023 G7 Grp 1"]
[Site "Svendborg"]
[Date "2023.04.08"]
[Round "5"]
[White "Hollesen, Kurt"]
[Black "Saravana, Vedant Kumar"]
[Result "1/2-1/2"]
[WhiteElo "1968"]
[BlackElo "1947"]
[PlyCount "153"]
[EventDate "2023.04.04"]
[EventType "swiss"]
[EventRounds "7"]
[EventCountry "DEN"]
[SourceTitle "Live v. Kasper Jerwiarz"]

1. c4 e5 2. Nc3 Nf6 3. e4 Bc5 4. g3 d6 5. h3 Nc6 6. Bg2 O-O 7. Nge2 a6 8. d3 b5
9. O-O Rb8 10. Kh2 Be6 11. Nd5 Nd4 12. f4 c6 13. Nxf6+ gxf6 14. f5 Bd7 15. Bh6
Kh8 16. Bxf8 Qxf8 17. Rb1 b4 18. b3 a5 19. Nxd4 Bxd4 20. Qc1 Qg7 21. h4 c5 22.
Rf3 Rg8 23. Qd2 Bc3 24. Qe2 Qh6 25. Bh3 Bc6 26. Rg1 Bd4 27. Rh1 Kg7 28. Qe1 Bc3
29. Qe3 Qh5 30. Qf2 Bd4 31. g4 Bxf2 32. gxh5 Bd4 33. Rg3+ Kh8 34. Rxg8+ Kxg8
35. h6 Be3 36. a3 bxa3 37. Ra1 Bxh6 38. Rxa3 Bd2 39. Bg4 h6 40. Kg2 Kg7 41. Ra2
Bc3 42. Bh5 Be8 43. Kf3 Be1 44. Rg2+ Kf8 45. Ra2 Kg7 46. Ke2 Bb4 47. Kd1 Bc3
48. Rg2+ Kf8 49. Bg4 Bd7 50. Bh3 Bc6 51. Ke2 Bd7 52. Kf3 Bb4 53. Kg4 Kg7 54.
Kh5+ Kh7 55. Rg6 fxg6+ 56. fxg6+ Kg7 57. Bxd7 Be1 58. Be8 Bf2 59. Kg4 Be1 60.
h5 Bb4 61. Kf5 Ba3 62. Ke6 Bb4 63. Kxd6 Kf8 64. Ke6 Kg7 65. Bc6 Ba3 66. Bd5 Bb4
67. Kd6 Kf8 68. Kc6 Kg7 69. Be6 Kf8 70. Bf5 Kg7 71. Kd5 Kf8 72. d4 exd4 73. e5
fxe5 74. Kxe5 Kg7 75. Bd3 Ba3 76. Ke6 Bb4 77. Be4 1/2-1/2